Optimization of DNA extraction methods for some important forest tree species (Record no. 75540)

MARC details
000 -LEADER
fixed length control field 00513nam a22001697a 4500
100 ## - MAIN ENTRY--AUTHOR NAME
Personal name Kumar, A.
245 ## - TITLE STATEMENT
Title Optimization of DNA extraction methods for some important forest tree species
260 ## - PUBLICATION, DISTRIBUTION, ETC. (IMPRINT)
Name of publisher International Journal of Advanced Biotechnology and Research, 4 (3): 364-371.
Year of publication 2013
300 ## - PHYSICAL DESCRIPTION
Other physical details Soft copy uploaded in DSpace
700 ## - ADDED ENTRY--PERSONAL NAME
Personal name Gayakwad, A.
700 ## - ADDED ENTRY--PERSONAL NAME
Personal name Panse, U.
700 ## - ADDED ENTRY--PERSONAL NAME
Personal name Khasdeo, K.
700 ## - ADDED ENTRY--PERSONAL NAME
Personal name Narayanan, C.
700 ## - ADDED ENTRY--PERSONAL NAME
Personal name Ansari, S.A.
700 ## - ADDED ENTRY--PERSONAL NAME
Personal name Lazarus, A.D.
942 ## - ADDED ENTRY ELEMENTS (KOHA)
Koha item type Journals
Holdings
Withdrawn status Lost status Damaged status Not for loan Home library Current library Date acquired Koha item type
        RRII Library RRII Library 25/06/2025 Journals